25 ciudades más pobladas de Castilla y León - Estadísticas

Estadísticas generales
  • Esta prueba ha sido intentada 3.996 veces
    3.396 desde el último reinicio
  • La puntuación promedio es 15 de 25
Estadísticas de respuestas
Pob. Municipio Provincia % Correcto
175 k Burgos Burgos
99%
122 k León León
99%
144 k Salamanca Salamanca
99%
297 k Valladolid Valladolid
99%
76,3 k Palencia Palencia
98%
58,5 k Ávila Ávila
97%
50,9 k Segovia Segovia
97%
59,4 k Zamora Zamora
97%
40,0 k Soria Soria
96%
62,9 k Ponferrada León
76%
35,6 k Miranda de Ebro Burgos
62%
33,5 k Aranda de Duero Burgos
59%
10,3 k Astorga León
55%
17,2 k Benavente Zamora
47%
11,8 k Ciudad Rodrigo Salamanca
46%
20,2 k Medina del Campo Valladolid
46%
12,0 k Béjar Salamanca
31%
10,1 k La Bañeza León
25%
22,7 k Laguna de Duero Valladolid
23%
9,58 k Cuéllar Segovia
22%
14,7 k Santa Marta de Tormes Salamanca
22%
22,0 k Arroyo de la Encomienda Valladolid
19%
9,80 k El Espinar Segovia
18%
30,0 k San Andrés del Rabanedo León
17%
18,8 k Villaquilambre León
12%
No se encontraron pruebas coincidentes
Distribución de puntuación
Porcentaje de gente con cada puntuación
Porcentaje por número respondido
Historial de tus puntuaciones
No has intentado esta prueba desde el último reinicio